000
00318nam a2200133Ia 4500
008
240624s9999 xx 000 0 und d
041
_a
eng
082
_a
005.54 NEL
100
_a
NELSON STEPHEN L
245
_a
EXCEL DATA ANALYSIS FOR DUMMIES
250
_a
(2nd ed.)
260
_a
New Delhi
_b
Wiley
365
_c
RS
_b
33
999
_c
26280
_d
26280